000 00685nam a2200205Ia 4500
003 GCL
005 20240530094956.0
008 140319s9999 xx 000 0 ara d
020 _a9773141257
040 _aGCL /
_cGCL
082 0 4 _a723.3
_bا ع
100 1 _aاحمد عبدالرازق احمد
245 1 0 _aالعمارة الاسلامية في العصرين العباسى والفاطمى /
_cاحمد عبدالرازق احمد
250 _aالاولى
260 _aالقاهرة :
_bدار القاهرة للطباعة ،
_c2002
300 _a248 سم ؛
_c20 سم
650 0 4 _aالعمارة الاسلامية
650 0 4 _aالمساجد
942 _2ddc
_cBK
999 _c2852
_d2852